000 00551cam a2200193 i 4500
020 _a0442302185
020 _a0442302207 (pbk.)
082 0 0 _a624/.15136
_bCRA
_cL-16, P-43
100 1 _aCraig, R. F.
_913287
245 1 0 _aSoil mechanics /
_cR. F. Craig.
250 _a2d ed.
260 _aNew York :
_bVan Nostrand Reinhold,
_c1978.
300 _avii, 318 p. :
_bill. ;
_c24 cm.
526 _a0
_b0
_c0
_d624_151360000000000_CRA
526 _a0
_b0
_c0
_d624_151360000000000_CRA
650 0 _aMCE
_9379
650 0 _aSoil mechanics.
942 _2ddc
_cBK
999 _c546437
_d546437